There are alternatives: four roads to peace and security (Record no. 507)

MARC details
000 -LEADER
fixed length control field 00556nam a2200145 a 4500
008 - FIXED-LENGTH DATA ELEMENTS--GENERAL INFORMATION
fixed length control field 120927s1984 ||||||||||||||||| || u
020 ## - INTERNATIONAL STANDARD BOOK NUMBER
International Standard Book Number 0851243940
050 ## - LIBRARY OF CONGRESS CALL NUMBER
Classification number JX 1974.7 Gal
100 ## - MAIN ENTRY--PERSONAL NAME
Personal name Galtung, Johan
245 10 - TITLE STATEMENT
Title There are alternatives: four roads to peace and security
Statement of responsibility, etc. by Johan Galtung
260 ## - PUBLICATION, DISTRIBUTION, ETC.
Place of publication, distribution, etc. Nottingham, England:
Name of publisher, distributor, etc. Spokesman
Date of publication, distribution, etc. 1984
300 ## - PHYSICAL DESCRIPTION
Extent 221p.
650 ## - SUBJECT ADDED ENTRY--TOPICAL TERM
Topical term or geographic name entry element NUCLEAR DISAMAMENT
995 ## -
-- SPECIAL COLLECTIONS
-- 500139
-- CBU-DAG HAMMARSKJOLD INSTITUTE LIBRARY
-- DAG JX 1974.7 Gal
-- 1
-- AVAILABLE
-- Oct 25, 2012
-- 500139
-- DHIPS Book Collection
999 ## -
-- 507
-- 507
Holdings
Withdrawn status Lost status Source of classification or shelving scheme Damaged status Not for loan Permanent Location Current Location Shelving location Date acquired Total Checkouts Full call number Barcode Date last seen Price effective from Koha item type
          CBU-DAG HAMMARSKJOLD INSTITUTE CBU-DAG HAMMARSKJOLD INSTITUTE   11/28/2022   JX 1974.7 Gal 500139 11/28/2022 11/28/2022 MONOGRAPH